Východisková štúdia - Mediálna gramotnosť mladej generácie Slovenska

Autorka sa zameriava najmä na predprípravnú etapu a výskumnú úlohu, pretože príspevok slúži ako štúdia, ktorá je určená pre ďalší výskum, ktorý sa zameriava na vzdelávanie a gramotnosť spotrebiteľov na Slovensku, ako aj vnímania mediálnej komunikácie. Príspevok je len východiskovou štúdiou, ktorá má...

Descrizione completa

Salvato in:
Dettagli Bibliografici
Autore principale: Paholková, Barbora
Natura: Capitolo di libro
Lingua:slovacco
Soggetti:
Tags: Aggiungi Tag
Nessun Tag, puoi essere il primo ad aggiungerne!!

MARC

LEADER 00000nla a2200000 4500
001 0224457
005 20240502073657.7
041 0 |a slo 
044 |a SK 
245 1 0 |a Východisková štúdia - Mediálna gramotnosť mladej generácie Slovenska  |c Barbora Paholková 
520 |a Autorka sa zameriava najmä na predprípravnú etapu a výskumnú úlohu, pretože príspevok slúži ako štúdia, ktorá je určená pre ďalší výskum, ktorý sa zameriava na vzdelávanie a gramotnosť spotrebiteľov na Slovensku, ako aj vnímania mediálnej komunikácie. Príspevok je len východiskovou štúdiou, ktorá má pomôcť preniknúť do jadra skúmanej problematiky a navrhnúť opatrenia pre celoživotné vzdelávanie spotrebiteľov, resp. mladej generácie. Mediálna výchova ako proces získavania mediálnej gramotnosti. Model desiatich kompetencií mediálnej gramotnosti. 
610 2 0 |a médiá 
610 2 0 |a gramotnosť 
610 2 0 |a spotrebitelia 
610 2 0 |a mládež 
610 2 0 |a výchova 
610 2 0 |a vzdelávanie 
610 2 0 |a vzdelávanie celoživotné 
100 1 |a Paholková, Barbora